| 000 | 00608nam a2200181Ia 4500 | ||
|---|---|---|---|
| 008 | 090122s9999 xx 000 0 und d | ||
| 082 | _b12102 | ||
| 100 |
_aदेसाई _bनयनतारा |
||
| 245 | _aनातिचरामि | ||
| 260 |
_bनंदादीप बुक सव्हिसेस् _c2007 |
||
| 300 | _a192 | ||
| 501 | _aव्हि. के. बुक एजन्सीज् / बि. नं. 8591-14.9.07 | ||
| 600 | _aदेसाई | ||
| 630 | _aनातिचरामि | ||
| 700 | _aदेसाई | ||
| 730 | _aनातिचरामि | ||
| 942 | _cBOOK | ||
| 999 |
_c36179 _d36179 |
||